Asian and African studies

Bibliographic Details
Other Authors: Krupa, Viktor, 1936-2021 (Publishing director), Sorby, Karol R., 1939- (Publishing director)
Format: Journal
Language:English
German
French
PhysicalDescription:zv. 24 cm
Published: Bratislava Vydavateľstvo Slovenskej akadémie vied 1965-
Bratislava Veda
Bratislava Slovak Academic Press
Bratislava Institut of Oriental studies Slovak Academy of Sciences
ISBN:8022400653 (vol. 24)
8022401811 (vol. 25)
802240182X (vol. 26)
ISSN:1335-1257
Subjects:
Online Access:http://www.aepress.sk/aas/aashome.htm
http://orient.sav.sk/asian-and-african-studies/

MARC

LEADER 00000cas a2200000 a 4500
001 vtls001476348
003 SK-MaSNL
005 20260228160811.0
008 040608c19659999xo fr|p 0 0b0eng
015 |a SNBA 1979 (r. 1980)  |a SNBA 1981/10 (r. 1981)  |a SNBA 1982/10 (r. 1982)  |a SNBA 1983/09 (r. 1983 )  |a SNBA 1984/09 (r. 1984)  |a SNBA 1986/02 (r. 1985)  |a SNBA 1989/06 (r. 1989)  |a SNBA 1990/11 (r. 1990)  |a SNBA 1991/05 (r. 1991) 
020 |a 8022400653 (vol. 24) 
020 |a 8022401811 (vol. 25) 
020 |a 802240182X (vol. 26) 
022 |a 1335-1257 
035 |a SNK000431649 
035 |a (SVKBB03)vtls000047886 
040 |a SNK  |b slo  |c SNK  |d SVKBB  |d SAVUK  |e AACR2 
041 0 |a eng  |a ger  |a fre  |b eng 
044 |a xo  |c SK 
072 7 |a 80  |x Filológia  |2 konspekt 
080 |a 80(5/6)+908(5/6)  |2 2011 
080 |a 80(=41/=45)+908(6)  |2 2001 
080 |a 93/94  |2 2011 
080 |a (5)  |2 2011 
080 |a (6)  |2 2011 
080 |a 001(051)  |2 2001 
080 |a 050  |2 2001 
080 |a 811.41  |2 2011 
080 |a 821.41 $2 2011 
084 |a MIČ 49 194  |2 mksr 
210 0 |a Asian Afr. Stud.  |b (Bratisl.) 
222 0 |a Asian and African Studies  |b (Bratislava) 
245 0 0 |a Asian and African studies 
260 |a Bratislava  |b Vydavateľstvo Slovenskej akadémie vied  |c 1965- 
260 2 |3 1974-1990  |a Bratislava  |b Veda 
260 2 |3 1991-?2017  |a Bratislava  |b Slovak Academic Press 
260 3 |3 2018-  |a Bratislava  |b Institut of Oriental studies Slovak Academy of Sciences 
300 |a zv.  |c 24 cm 
310 |a 2x ročne  |b 1992- 
321 |a 1x ročne  |b 1965-1991 
362 0 |a Roč. 1, č. 1 (1965)-roč. 26, č. 1 (1991) ; roč. 1, č. 1 (1992)- 
500 |a Registračné č.: 679/92 
500 |a Šéfred.: ?-1/2010, Viktor Krupa ; 2/2010- , Karol R. Sorby 
500 |a Evidenčné č. MK SR: EV 4311/11 
500 |a Od r. 1992 nové číslovanie ročníkov. Online verzia má k dispozícii obsahy jednotlivých čísiel, abstrakty za roky 1995-2001, plné texty článkov od r. 1996 
504 |a Bibliogr. odkazy ; bibliogr. pozn. 
546 |a Čiast. text aj v angl., franc., nem. ; res. angl. 
650 0 7 |a orientalistika  |2 SNKPH  |9 69187 
650 0 7 |a afrikanistika  |2 SNKPH  |9 62871 
650 0 7 |a dejiny  |2 SNKPH  |9 3825 
650 0 7 |a Orient studies  |2 SNKPHeng  |9 267262 
650 0 7 |a African studies  |2 SNKPHeng  |9 267355 
650 0 7 |a History  |2 SNKPHeng  |9 265139 
651 7 |a Ázia  |2 SNKPHgeo  |9 28709 
651 7 |a Afrika  |2 SNKPHgeo  |9 17012 
651 7 |a Asia  |2 SNKPHenggeo  |9 267356 
651 7 |a Afrika  |2 SNKPHenggeo  |9 17012 
655 7 |a vedecké časopisy  |2 SNKPH  |9 70520 
655 7 |a Scientific journals  |2 SNKPHeng  |9 265227 
700 1 |a Krupa, Viktor,  |d 1936-2021  |4 pbd  |9 5206 
700 1 |a Sorby, Karol R.,  |d 1939-  |4 pbd  |9 85665 
852 |a Štátna vedecká knižnica v Banskej Bystrici 
856 4 1 |u http://www.aepress.sk/aas/aashome.htm 
856 4 1 |u http://orient.sav.sk/asian-and-african-studies/ 
910 |a savuk 
910 |a snk 
910 |a svkbb 
916 |a 1965-2014, 2015-2018, 2019, 2020 
919 |a 80-224-0065-3 
919 |a 80-224-0181-1 
919 |a 80-224-0182-X 
999 |c 3628  |d 5558 
952 |0 0  |1 0  |4 0  |7 0  |8 0  |a SNK  |b SNK  |d 2022-01-11  |i snk2022/509  |l 0  |o snkČSC 1127/29/2020 D1  |p 17A1436342  |r 2026-02-21 19:29:24  |t č. 1-2, neúplné  |w 2026-02-21  |y PREZ  |z Chýba č. 2 
952 |0 0  |1 0  |4 0  |7 0  |a SNK  |b SNK  |d 1998-03-13  |f 1  |i snkKSP 7818/90  |l 0  |o snkČSC 1127/25/1990  |p 17A0127635  |r 2004-12-31 00:00:00  |t č. 1  |w 2026-02-21  |y PREZ 
952 |0 0  |1 0  |4 0  |7 0  |a SNK  |b SNK  |d 2001-08-13  |l 0  |o snkČSC 1127/25/1990 D1  |p 17A0306788  |r 2004-12-31 00:00:00  |w 2026-02-21  |y PREZ 
952 |0 0  |1 0  |4 0  |7 0  |a SNK  |b SNK  |d 1998-03-13  |f 1  |i snkKSP 2859/91  |l 0  |o snkČSC 1127/26/1991  |p 17A0126200  |r 2004-12-31 00:00:00  |t č. 1  |w 2026-02-21  |y PREZ 
952 |0 0  |1 0  |4 0  |7 0  |a SNK  |b SNK  |d 2010-01-21  |i snk2003/1618  |l 0  |o snkČSC 1127/8/1999 D1  |p 17A0642493  |r 2026-02-21 19:42:36  |t č. 1-2  |w 2026-02-21  |y PREZ 
952 |0 0  |1 0  |4 0  |7 0  |8 0  |a SNK  |b SNK  |d 2021-05-19  |i snk2021/5137  |l 0  |o snkČSC 1127/28/2019 D1  |p 17A1433156  |r 2026-02-21 19:59:43  |t č. 1-2  |w 2026-02-21  |y PREZ 
952 |0 0  |1 0  |4 0  |7 0  |8 0  |a SNK  |b SNK  |d 2021-05-19  |f 1  |i snk2021/5140  |l 0  |o snkČSC 1127/29/2020  |p 17A1433155  |r 2026-02-21 19:59:43  |t č. 1-2  |w 2026-02-21  |y PREZ 
952 |0 0  |1 0  |4 0  |7 0  |8 0  |a SNK  |b SNK  |d 2023-02-09  |f 1  |i snk2023/2455  |l 0  |o snkČSC 1127/30/2021  |p 17A1465546  |r 2026-02-21 20:11:58  |t č. 1-2  |w 2026-02-21  |y PREZ 
952 |0 0  |1 0  |4 0  |7 0  |a SNK  |b SNK  |d 2013-11-19  |f 1  |i snkČSP 1538/2000  |l 0  |o snkČSC 1127/7/1998  |p 17A0814083  |r 2026-02-21 20:19:18  |t č. 1-2  |w 2026-02-21  |y PREZ 
952 |0 0  |1 0  |4 0  |7 0  |a SNK  |b SNK  |d 2002-04-16  |i snkKSP 4494/2002  |l 0  |o snkČSC 1127/24/1989 D2  |p 17A0340441  |r 2004-12-31 00:00:00  |w 2026-02-21  |y PREZ 
952 |0 0  |1 0  |4 0  |7 0  |a SNK  |b SNK  |d 2002-04-24  |l 0  |o snkČSC 1127/24/1989 D1  |p 17A0341451  |r 2004-12-31 00:00:00  |w 2026-02-21  |y PREZ 
952 |0 0  |1 0  |4 0  |7 0  |a SNK  |b SNK  |d 2002-04-24  |f 1  |i snkKSP 3813/89  |l 0  |o snkČSC 1127/24/1989  |p 17A0341331  |r 2004-12-31 00:00:00  |t č. 1  |w 2026-02-21  |y PREZ 
952 |0 0  |1 0  |4 0  |7 0  |a SNK  |b SNK  |d 1998-03-20  |l 0  |o snkČSC 1127/21/1985 D1  |p 17A0129964  |r 2004-12-31 00:00:00  |w 2026-02-21  |y PREZ 
952 |0 0  |1 0  |4 0  |7 0  |a SNK  |b SNK  |d 1998-03-20  |l 0  |o snkČSC 1127/19/1983 D1  |p 17A0129924  |r 2004-12-31 00:00:00  |w 2026-02-21  |y PREZ 
952 |0 0  |1 0  |4 0  |7 0  |a SNK  |b SNK  |d 2000-05-24  |l 0  |o snkČSC 1127/18/1982 D1  |p 17A0241158  |r 2004-12-31 00:00:00  |w 2026-02-21  |y PREZ 
952 |0 0  |1 0  |4 0  |7 0  |a SNK  |b SNK  |d 1998-03-20  |l 0  |o snkČSC 1127/17/1981 D1  |p 17A0129969  |r 2004-12-31 00:00:00  |w 2026-02-21  |y PREZ 
952 |0 0  |1 0  |4 0  |7 0  |a SNK  |b SNK  |d 1998-03-20  |f 1  |i snkKIP 5914/80  |l 0  |o snkČSC 1127/16/1980  |p 17A0129988  |r 2004-12-31 00:00:00  |t č. 1  |w 2026-02-21  |y PREZ 
952 |0 0  |1 0  |4 0  |7 0  |a SNK  |b SNK  |d 2012-05-10  |i snkKSP 1136/75  |l 0  |o snkČSC 1127/10/1974 D1  |p 17A0888372  |r 2026-02-21 20:40:35  |w 2026-02-21  |y PREZ 
952 |0 0  |1 0  |4 0  |7 0  |a SNK  |b SNK  |d 2012-05-10  |i snkKSP 257/87  |l 0  |o snkČSC 1127/22/1986 D1  |p 17A0888371  |r 2026-02-21 20:40:35  |w 2026-02-21  |y PREZ 
952 |0 0  |1 0  |4 0  |7 0  |a SNK  |b SNK  |d 2012-05-10  |i snk2003/1616  |l 0  |o snkČSC 1127/9/2000 D1  |p 17A0888373  |r 2026-02-21 20:40:36  |w 2026-02-21  |y PREZ 
952 |0 0  |1 0  |4 0  |7 0  |a SNK  |b SNK  |d 1998-03-20  |f 1  |i snkKSP 3619/79  |l 0  |o snkČSC 1127/15/1979  |p 17A0129965  |r 2004-12-31 00:00:00  |t č. 1  |w 2026-02-21  |y PREZ 
952 |0 0  |1 0  |4 0  |7 0  |a SNK  |b SNK  |d 1998-03-20  |l 0  |o snkČSC 1127/20/1984 D1  |p 17A0129963  |r 2004-12-31 00:00:00  |w 2026-02-21  |y PREZ 
952 |0 0  |1 0  |4 0  |7 0  |a SNK  |b SNK  |d 2001-05-04  |l 0  |o snkČSC 1127/4/1968 D1  |p 17A0299068  |r 2005-01-02 00:00:00  |w 2026-02-21  |y PREZ 
952 |0 0  |1 0  |4 0  |7 0  |a SNK  |b SNK  |d 1998-11-16  |f 1  |i snkKSP 987/65  |l 0  |o snkČSC 1127/1/1965  |p 17A0169535  |r 2005-01-02 00:00:00  |t č. 1  |w 2026-02-21  |y PREZ 
952 |0 0  |1 0  |4 0  |7 0  |a SNK  |b SNK  |d 1998-11-18  |f 1  |i snkKSP 4423/67  |l 0  |o snkČSC 1127/3/1967  |p 17A0169811  |r 2005-01-02 00:00:00  |t č. 1  |w 2026-02-21  |y PREZ 
952 |0 0  |1 0  |4 0  |7 0  |8 0  |a SNK  |b SNK  |d 2025-04-04  |f 1  |i snk2025/5890  |l 0  |o snkČSC 1127/31/2022  |p 17A1556024  |r 2026-02-21 21:21:59  |t č. 1-2  |w 2026-02-21  |y PREZ 
952 |0 0  |1 0  |4 0  |7 0  |8 0  |a SNK  |b SNK  |d 2025-04-04  |f 1  |i snk2025/5891  |l 0  |o snkČSC 1127/32/2023  |p 17A1556025  |r 2026-02-21 21:21:59  |t č. 1-2  |w 2026-02-21  |y PREZ 
952 |0 0  |1 0  |4 0  |7 0  |8 0  |a SNK  |b SNK  |d 2013-10-31  |i snk2013/26466  |l 0  |o snkČSC 1127/11/2002 D1  |p 17A0751613  |r 2026-02-21 21:42:57  |t č. 1-2  |w 2026-02-21  |y PREZ 
952 |0 0  |1 0  |4 0  |7 0  |8 0  |a SNK  |b SNK  |d 2013-10-31  |f 1  |i snk2013/26469  |l 0  |o snkČSC 1127/11/2002  |p 17A0751614  |r 2026-02-21 21:42:57  |t č. 1-2  |w 2026-02-21  |y PREZ 
952 |0 0  |1 0  |4 0  |7 0  |8 0  |a SNK  |b SNK  |d 2013-10-31  |f 1  |i snk2013/26480  |l 0  |o snkČSC 1127/12/2003  |p 17A0751611  |r 2026-02-21 21:43:00  |t č. 1-2  |w 2026-02-21  |y PREZ 
952 |0 0  |1 0  |4 0  |7 0  |8 0  |a SNK  |b SNK  |d 2013-10-31  |i snk2013/26484  |l 0  |o snkČSC 1127/12/2003 D1  |p 17A0751612  |r 2026-02-21 21:43:00  |t č. 1-2  |w 2026-02-21  |y PREZ 
952 |0 0  |1 0  |4 0  |7 0  |8 0  |a SNK  |b SNK  |d 2013-10-31  |f 1  |i snk2013/26485  |l 0  |o snkČSC 1127/13/2004  |p 17A0751609  |r 2026-02-21 21:43:00  |t č. 1-2  |w 2026-02-21  |y PREZ 
952 |0 0  |1 0  |4 0  |7 0  |8 0  |a SNK  |b SNK  |d 2013-10-31  |i snk2013/26486  |l 0  |o snkČSC 1127/13/2004 D1  |p 17A0751610  |r 2026-02-21 21:43:00  |t č. 1-2  |w 2026-02-21  |y PREZ 
952 |0 0  |1 0  |4 0  |7 0  |8 0  |a SNK  |b SNK  |d 2013-10-31  |f 1  |i snk2013/26487  |l 0  |o snkČSC 1127/14/2005  |p 17A0751607  |r 2026-02-21 21:43:00  |t č. 1-2  |w 2026-02-21  |y PREZ 
952 |0 0  |1 0  |4 0  |7 0  |8 0  |a SNK  |b SNK  |d 2013-10-31  |i snk2013/26489  |l 0  |o snkČSC 1127/14/2005 D1  |p 17A0751608  |r 2026-02-21 21:43:00  |t č. 1-2  |w 2026-02-21  |y PREZ 
952 |0 0  |1 0  |4 0  |7 0  |8 0  |a SNK  |b SNK  |d 2013-10-31  |f 1  |i snk2013/26491  |l 0  |o snkČSC 1127/15/2006  |p 17A0751605  |r 2026-02-21 21:43:03  |t č. 1-2  |w 2026-02-21  |y PREZ 
952 |0 0  |1 0  |4 0  |7 0  |8 0  |a SNK  |b SNK  |d 2013-10-31  |i snk2013/26493  |l 0  |o snkČSC 1127/15/2006 D1  |p 17A0751606  |r 2026-02-21 21:43:03  |t č. 1-2  |w 2026-02-21  |y PREZ 
952 |0 0  |1 0  |4 0  |7 0  |8 0  |a SNK  |b SNK  |d 2013-10-31  |f 1  |i snk2013/26494  |l 0  |o snkČSC 1127/16/2007  |p 17A0751603  |r 2026-02-21 21:43:03  |t č. 1-2  |w 2026-02-21  |y PREZ 
952 |0 0  |1 0  |4 0  |7 0  |8 0  |a SNK  |b SNK  |d 2013-10-31  |i snk2013/26495  |l 0  |o snkČSC 1127/16/2007 D1  |p 17A0751604  |r 2026-02-21 21:43:03  |t č. 1-2  |w 2026-02-21  |y PREZ 
952 |0 0  |1 0  |4 0  |7 0  |8 0  |a SNK  |b SNK  |d 2013-10-31  |f 1  |i snk2013/26497  |l 0  |o snkČSC 1127/17/2008  |p 17A0751601  |r 2026-02-21 21:43:03  |t č. 1-2  |w 2026-02-21  |y PREZ 
952 |0 0  |1 0  |4 0  |7 0  |8 0  |a SNK  |b SNK  |d 2013-10-31  |i snk2013/26499  |l 0  |o snkČSC 1127/17/2008 D1  |p 17A0751602  |r 2026-02-21 21:43:03  |t č. 1-2  |w 2026-02-21  |y PREZ 
952 |0 0  |1 0  |4 0  |7 0  |8 0  |a SNK  |b SNK  |d 2013-10-31  |f 1  |i snk2013/26500  |l 0  |o snkČSC 1127/18/2009  |p 17A0751599  |r 2026-02-21 21:43:03  |t č. 1-2  |w 2026-02-21  |y PREZ 
952 |0 0  |1 0  |4 0  |7 0  |8 0  |a SNK  |b SNK  |d 2013-10-31  |i snk2013/26501  |l 0  |o snkČSC 1127/18/2009 D1  |p 17A0751600  |r 2026-02-21 21:43:03  |t č. 1-2  |w 2026-02-21  |y PREZ 
952 |0 0  |1 0  |4 0  |7 0  |8 0  |a SNK  |b SNK  |d 2013-10-31  |f 1  |i snk2013/26505  |l 0  |o snkČSC 1127/19/2010  |p 17A0751597  |r 2026-02-21 21:43:03  |t č. 1-2  |w 2026-02-21  |y PREZ 
952 |0 0  |1 0  |4 0  |7 0  |8 0  |a SNK  |b SNK  |d 2013-10-31  |i snk2013/26508  |l 0  |o snkČSC 1127/19/2010 D1  |p 17A0751598  |r 2026-02-21 21:43:03  |t č. 1-2  |w 2026-02-21  |y PREZ 
952 |0 0  |1 0  |4 0  |7 0  |8 0  |a SNK  |b SNK  |d 2013-10-31  |f 1  |i snk2013/26514  |l 0  |o snkČSC 1127/20/2011  |p 17A0751595  |r 2026-02-21 21:43:03  |t č. 1-2  |w 2026-02-21  |y PREZ 
952 |0 0  |1 0  |4 0  |7 0  |8 0  |a SNK  |b SNK  |d 2013-10-31  |i snk2013/26522  |l 0  |o snkČSC 1127/20/2011 D1  |p 17A0751596  |r 2026-02-21 21:43:03  |t č. 1-2  |w 2026-02-21  |y PREZ 
952 |0 0  |1 0  |4 0  |7 0  |8 0  |a SNK  |b SNK  |d 2013-10-31  |f 1  |i snk2013/26525  |l 0  |o snkČSC 1127/21/2012  |p 17A0751593  |r 2026-02-21 21:43:04  |t č. 1-2  |w 2026-02-21  |y PREZ 
952 |0 0  |1 0  |4 0  |7 0  |8 0  |a SNK  |b SNK  |d 2013-10-31  |i snk2013/26531  |l 0  |o snkČSC 1127/21/2012 D1  |p 17A0751594  |r 2026-02-21 21:43:04  |t č. 1-2  |w 2026-02-21  |y PREZ 
952 |0 0  |1 0  |4 0  |7 0  |a SNK  |b SNK  |d 2013-11-18  |f 1  |i snkKSP 4635/66  |l 0  |o snkČSC 1127/2/1966  |p 17A0813919  |r 2026-02-21 21:43:38  |t č. 1  |w 2026-02-21  |y PREZ 
952 |0 0  |1 0  |4 0  |7 0  |a SNK  |b SNK  |d 2013-11-18  |f 1  |i snkKSP 2632/69  |l 0  |o snkČSC 1127/4/1968  |p 17A0813920  |r 2026-02-21 21:43:38  |t č. 1  |w 2026-02-21  |y PREZ 
952 |0 0  |1 0  |4 0  |7 0  |a SNK  |b SNK  |d 2013-11-18  |f 1  |i snkKSP 2453/71  |l 0  |o snkČSC 1127/5/1969  |p 17A0813921  |r 2026-02-21 21:43:38  |t č. 1  |w 2026-02-21  |y PREZ 
952 |0 0  |1 0  |4 0  |7 0  |a SNK  |b SNK  |d 2013-11-18  |f 1  |i snkKSP 640/73  |l 0  |o snkČSC 1127/6/1970  |p 17A0813922  |r 2026-02-21 21:43:38  |t č. 1  |w 2026-02-21  |y PREZ 
952 |0 0  |1 0  |4 0  |7 0  |a SNK  |b SNK  |d 2013-11-18  |f 1  |i snkKSP 6067/73  |l 0  |o snkČSC 1127/7/1971  |p 17A0813923  |r 2026-02-21 21:43:38  |t č. 1  |w 2026-02-21  |y PREZ 
952 |0 0  |1 0  |4 0  |7 0  |a SNK  |b SNK  |d 2013-11-18  |f 1  |i snkKSP 150/74  |l 0  |o snkČSC 1127/8/1972  |p 17A0813924  |r 2026-02-21 21:43:38  |t č. 1  |w 2026-02-21  |y PREZ 
952 |0 0  |1 0  |4 0  |7 0  |a SNK  |b SNK  |d 2013-11-18  |f 1  |i snkKSP 2300/74  |l 0  |o snkČSC 1127/9/1973  |p 17A0813925  |r 2026-02-21 21:43:38  |t č. 1  |w 2026-02-21  |y PREZ 
952 |0 0  |1 0  |4 0  |7 0  |a SNK  |b SNK  |d 2013-11-18  |f 1  |i snkKSP 1135/75  |l 0  |o snkČSC 1127/10/1974  |p 17A0813926  |r 2026-02-21 21:43:38  |t č. 1  |w 2026-02-21  |y PREZ 
952 |0 0  |1 0  |4 0  |7 0  |a SNK  |b SNK  |d 2013-11-18  |f 1  |i snkKSP 6609/75  |l 0  |o snkČSC 1127/11/1975  |p 17A0813927  |r 2026-02-21 21:43:38  |t č. 1  |w 2026-02-21  |y PREZ 
952 |0 0  |1 0  |4 0  |7 0  |a SNK  |b SNK  |d 2013-11-18  |f 1  |i snkKSP 411/77  |l 0  |o snkČSC 1127/12/1976  |p 17A0813928  |r 2026-02-21 21:43:38  |t č. 1  |w 2026-02-21  |y PREZ 
952 |0 0  |1 0  |4 0  |7 0  |a SNK  |b SNK  |d 2013-11-18  |f 1  |i snkKSP 5068/77  |l 0  |o snkČSC 1127/13/1977  |p 17A0813929  |r 2026-02-21 21:43:38  |t č. 1  |w 2026-02-21  |y PREZ 
952 |0 0  |1 0  |4 0  |7 0  |a SNK  |b SNK  |d 2013-11-18  |f 1  |i snkKSP 1823/79  |l 0  |o snkČSC 1127/14/1978  |p 17A0813930  |r 2026-02-21 21:43:38  |t č. 1  |w 2026-02-21  |y PREZ 
952 |0 0  |1 0  |4 0  |7 0  |a SNK  |b SNK  |d 2013-11-18  |f 1  |i snkKSP 7079/81  |l 0  |o snkČSC 1127/17/1981  |p 17A0814029  |r 2026-02-21 21:43:38  |t č. 1  |w 2026-02-21  |y PREZ 
952 |0 0  |1 0  |4 0  |7 0  |a SNK  |b SNK  |d 2013-11-18  |f 1  |i snkKSP 5917/82  |l 0  |o snkČSC 1127/18/1982  |p 17A0814030  |r 2026-02-21 21:43:38  |t č. 1  |w 2026-02-21  |y PREZ 
952 |0 0  |1 0  |4 0  |7 0  |a SNK  |b SNK  |d 2013-11-18  |f 1  |i snkKSP 3628/83  |l 0  |o snkČSC 1127/19/1983  |p 17A0814031  |r 2026-02-21 21:43:38  |t č. 1  |w 2026-02-21  |y PREZ 
952 |0 0  |1 0  |4 0  |7 0  |a SNK  |b SNK  |d 2013-11-18  |f 1  |i snkKSP 6304/84  |l 0  |o snkČSC 1127/20/1984  |p 17A0814032  |r 2026-02-21 21:43:38  |t č. 1  |w 2026-02-21  |y PREZ 
952 |0 0  |1 0  |4 0  |7 0  |a SNK  |b SNK  |d 2013-11-18  |f 1  |i snkKSP 10959/85  |l 0  |o snkČSC 1127/21/1985  |p 17A0814033  |r 2026-02-21 21:43:38  |t č. 1  |w 2026-02-21  |y PREZ 
952 |0 0  |1 0  |4 0  |7 0  |a SNK  |b SNK  |d 2013-11-18  |f 1  |i snkKSP 256/87  |l 0  |o snkČSC 1127/22/1986  |p 17A0814034  |r 2026-02-21 21:43:39  |t č. 1  |w 2026-02-21  |y PREZ 
952 |0 0  |1 0  |4 0  |7 0  |a SNK  |b SNK  |d 2013-11-19  |f 1  |i snkKSP 1172/89  |l 0  |o snkČSC 1127/23/1987  |p 17A0814035  |r 2026-02-21 21:43:44  |t č. 1  |w 2026-02-21  |y PREZ 
952 |0 0  |1 0  |4 0  |7 0  |a SNK  |b SNK  |d 2013-11-19  |f 1  |i snkČSP 222/94  |l 0  |o snkČSC 1127/1/1992  |p 17A0814077  |r 2026-02-21 21:43:49  |t č. 1-2  |w 2026-02-21  |y PREZ 
952 |0 0  |1 0  |4 0  |7 0  |a SNK  |b SNK  |d 2013-11-19  |f 1  |i snkČSP 4675/94  |l 0  |o snkČSC 1127/2/1993  |p 17A0814078  |r 2026-02-21 21:43:49  |t č. 1-2  |w 2026-02-21  |y PREZ 
952 |0 0  |1 0  |4 0  |7 0  |a SNK  |b SNK  |d 2013-11-19  |f 1  |i snkČSP 3790/99  |l 0  |o snkČSC 1127/3/1994  |p 17A0814079  |r 2026-02-21 21:43:49  |t č. 1-2  |w 2026-02-21  |y PREZ 
952 |0 0  |1 0  |4 0  |7 0  |a SNK  |b SNK  |d 2013-11-19  |f 1  |i snkČSP 3792/99  |l 0  |o snkČSC 1127/4/1995  |p 17A0814080  |r 2026-02-21 21:43:49  |t č. 1-2  |w 2026-02-21  |y PREZ 
952 |0 0  |1 0  |4 0  |7 0  |a SNK  |b SNK  |d 2013-11-19  |f 1  |i snkČSP 3794/99  |l 0  |o snkČSC 1127/5/1996  |p 17A0814081  |r 2026-02-21 21:43:49  |t č. 1-2  |w 2026-02-21  |y PREZ 
952 |0 0  |1 0  |4 0  |7 0  |a SNK  |b SNK  |d 2013-11-19  |f 1  |i snkČSP 1536/2000  |l 0  |o snkČSC 1127/6/1997  |p 17A0814082  |r 2026-02-21 21:43:49  |t č. 1-2  |w 2026-02-21  |y PREZ 
952 |0 0  |1 0  |4 0  |7 0  |a SNK  |b SNK  |d 2013-11-19  |f 1  |i snkČSP 1617/2003  |l 0  |o snkČSC 1127/8/1999  |p 17A0814084  |r 2026-02-21 21:43:49  |t č. 1-2  |w 2026-02-21  |y PREZ 
952 |0 0  |1 0  |4 0  |7 0  |a SNK  |b SNK  |d 2013-11-19  |f 1  |i snkČSP 1615/2003  |l 0  |o snkČSC 1127/9/2000  |p 17A0814085  |r 2026-02-21 21:43:49  |t č. 1-2  |w 2026-02-21  |y PREZ 
952 |0 0  |1 0  |4 0  |7 0  |a SNK  |b SNK  |d 2013-11-19  |f 1  |i snkČSP 1613/2003  |l 0  |o snkČSC 1127/10/2001  |p 17A0814089  |r 2026-02-21 21:43:49  |t č. 1-2  |w 2026-02-21  |y PREZ 
952 |0 0  |1 0  |4 0  |7 0  |8 0  |a SNK  |b SNK  |d 2015-06-19  |f 1  |i snk2015/19146  |l 0  |o snkČSC 1127/22/2013  |p 17A1144808  |r 2026-02-21 21:46:23  |t č. 1-2  |w 2026-02-21  |y PREZ 
952 |0 0  |1 0  |4 0  |7 0  |8 0  |a SNK  |b SNK  |d 2015-06-19  |i snk2015/19147  |l 0  |o snkČSC 1127/22/2013 D1  |p 17A1144807  |r 2026-02-21 21:46:23  |t č. 1-2  |w 2026-02-21  |y PREZ 
952 |0 0  |1 0  |4 0  |7 0  |8 0  |a SNK  |b SNK  |d 2015-06-19  |f 1  |i snk2015/19149  |l 0  |o snkČSC 1127/23/2014  |p 17A1144806  |r 2026-02-21 21:46:24  |t č. 1-2  |w 2026-02-21  |y PREZ 
952 |0 0  |1 0  |4 0  |7 0  |8 0  |a SNK  |b SNK  |d 2015-06-19  |i snk2015/19150  |l 0  |o snkČSC 1127/23/2014 D1  |p 17A1144805  |r 2026-02-21 21:46:24  |t č. 1-2  |w 2026-02-21  |y PREZ 
952 |0 0  |1 0  |4 0  |7 0  |8 0  |a SNK  |b SNK  |d 2018-10-29  |f 1  |i snk2018/22413  |l 0  |o snkČSC 1127/24/2015  |p 17A1339914  |r 2026-02-21 21:58:10  |t č. 1-2  |w 2026-02-21  |y PREZ 
952 |0 0  |1 0  |4 0  |7 0  |8 0  |a SNK  |b SNK  |d 2018-10-29  |i snk2018/22416  |l 0  |o snkČSC 1127/24/2015 D1  |p 17A1339915  |r 2026-02-21 21:58:10  |t č. 1-2  |w 2026-02-21  |y PREZ 
952 |0 0  |1 0  |4 0  |7 0  |8 0  |a SNK  |b SNK  |d 2018-10-29  |f 1  |i snk2018/22417  |l 0  |o snkČSC 1127/25/2016  |p 17A1339916  |r 2026-02-21 21:58:10  |t č. 1-2  |w 2026-02-21  |y PREZ 
952 |0 0  |1 0  |4 0  |7 0  |8 0  |a SNK  |b SNK  |d 2018-10-29  |i snk2018/22419  |l 0  |o snkČSC 1127/25/2016 D1  |p 17A1339917  |r 2026-02-21 21:58:10  |t č. 1-2  |w 2026-02-21  |y PREZ 
952 |0 0  |1 0  |4 0  |7 0  |8 0  |a SNK  |b SNK  |d 2018-10-29  |f 1  |i snk2018/22426  |l 0  |o snkČSC 1127/26/2017  |p 17A1339918  |r 2026-02-21 21:58:10  |t č. 1-2  |w 2026-02-21  |y PREZ 
952 |0 0  |1 0  |4 0  |7 0  |8 0  |a SNK  |b SNK  |d 2018-10-29  |i snk2018/22427  |l 0  |o snkČSC 1127/26/2017 D1  |p 17A1339919  |r 2026-02-21 21:58:10  |t č. 1-2  |w 2026-02-21  |y PREZ 
952 |0 0  |1 0  |4 0  |7 0  |8 0  |a SNK  |b SNK  |d 2019-10-22  |f 1  |i snk2019/27010  |l 0  |o snkČSC 1127/27/2018  |p 17A1370814  |r 2026-02-21 22:00:31  |t č. 1-2  |w 2026-02-21  |y PREZ 
952 |0 0  |1 0  |4 0  |7 0  |8 0  |a SNK  |b SNK  |d 2019-10-22  |i snk2019/27012  |l 0  |o snkČSC 1127/27/2018 D1  |p 17A1370815  |r 2026-02-21 22:00:31  |t č. 1-2  |w 2026-02-21  |y PREZ 
952 |0 0  |1 0  |4 0  |7 0  |a SNK  |b SNK  |d 2016-08-19  |i snkKIP 5915/80  |l 0  |o snkČSC 1127/16/1980 D1  |p 17A1150781  |r 2026-02-21 22:02:59  |w 2026-02-21  |y PREZ 
952 |0 0  |1 0  |4 0  |7 0  |8 0  |a SNK  |b SNK  |d 2020-10-06  |i snk2020/17872  |l 0  |o snkČSC 1127/28/2019  |p 17A1431712  |r 2026-02-21 22:16:16  |t č. 1-2  |w 2026-02-21  |y PREZ